00000000cas 2200000zi 4500
0019.927694
003CaOODSP
00520251230105002
006m     o  d f      
007cr cn ||||||||
008230921c20239999bccar p o    f0   b0fre|d
022 |a2817-7231
040 |aCaOODSP|bfre|erda|cCaOODSP
043 |an-cn-bc
0861 |aIu97-1/7F-PDF
1101 |aCanada. |bDéveloppement économique Canada pour le Pacifique, |eauteur, |eorganisme de publication.
222 0|aRapport sur les résultats ministériels |b(Canada. Développement économique Canada pour le Pacifique)
24510|aRapport sur les résultats ministériels / |cDéveloppement économique Canada pour le Pacifique.
264 1|aVancouver (Colombie-Britannique) : |bPacific Economic Development Canada = Développement économique Canada pour le Pacifique, |c[2023]-
310 |aAnnuel
336 |atexte|btxt|2rdacontent/fre
337 |ainformatique|bc|2rdamedia/fre
338 |aressource en ligne|bcr|2rdacarrier/fre
3621 |aParaît depuis : 2022/2023.
500 |aPublié aussi en anglais sous le titre : Departmental results report.
588 |aDescription d'après : 2022/2023; titre de la page couverture du fichier PDF.
588 |aDernière livraison consultée : 2022/2023.
61016|aCanada. |bDéveloppement économique Canada pour le Pacifique|xCrédits budgétaires et dépenses|vPériodiques.
650 6|aDépenses publiques|vPériodiques.
655 7|aPériodiques|2rvmgf
77508|tDepartmental results report / |w(CaOODSP)9.927695
78000|tRapport sur les résultats ministériels / |w(CaOODSP)9.837561